বঙ্কিম-জীবনী / (Record no. 72999)
[ view plain ]
| 000 -LEADER | |
|---|---|
| fixed length control field | 01056nam a22002417a 4500 |
| 001 - CONTROL NUMBER | |
| control field | 72999 |
| 003 - CONTROL NUMBER IDENTIFIER | |
| rucl marc code | BD-RjUL |
| 005 - DATE AND TIME OF LATEST TRANSACTION | |
| control field | 20211209082333.0 |
| 008 - FIXED-LENGTH DATA ELEMENTS--GENERAL INFORMATION | |
| fixed length control field | 170527s1988 ii ||||| b||| 00| 0 ben d |
| 035 ## - SYSTEM CONTROL NUMBER | |
| System control number | (BD-RjUL)73217 |
| 040 ## - CATALOGING SOURCE | |
| Original cataloging agency | BD-RjUL |
| Language of cataloging | ben |
| Transcribing agency | BD-RjUL |
| 041 ## - LANGUAGE CODE | |
| Language code of text/sound track or separate title | ben |
| 082 ## - DEWEY DECIMAL CLASSIFICATION NUMBER | |
| Edition number | 23 |
| Classification number | 891.44092 |
| Author mark and year | CHB 1988 |
| 100 1# - MAIN ENTRY--PERSONAL NAME | |
| Personal name | চট্টোপাধ্যায়, শচীশচন্দ্র |
| 9 (RLIN) | 215888 |
| 245 10 - TITLE STATEMENT | |
| Title | বঙ্কিম-জীবনী / |
| Statement of responsibility, etc. | শচীশচন্দ্র চট্টোপাধ্যায় |
| 250 ## - EDITION STATEMENT | |
| Edition statement | ৪র্থ সং |
| 260 ## - PUBLICATION, DISTRIBUTION, ETC. (IMPRINT) | |
| Place of publication, distribution, etc. | কলিকাতা |
| Name of publisher, distributor, etc. | পুস্তক বিপণি, |
| Date of publication, distribution, etc. | ১৯৮৮ |
| 300 ## - PHYSICAL DESCRIPTION | |
| Pagination | [২৭], ৪৩৯ পৃ |
| Illustrations | চিত্র ; |
| Size | ২৪ সেমি. |
| 504 ## - BIBLIOGRAPHY, ETC. NOTE | |
| Bibliography, etc | সংযুক্ত গ্রন্থপুঞ্জি |
| 600 ## - SUBJECT ADDED ENTRY--PERSONAL NAME | |
| Personal name | চট্টোপাধ্যায়, বঙ্কিমচন্দ্র, |
| Dates associated with a name | ১৮৩৮-১৮৯৪ |
| General subdivision | জীবনী |
| Personal name | Chattapadhyai, Bangkimchandra |
| Dates associated with a name | 1838-1894 |
| General subdivision | Biography |
| 942 ## - ADDED ENTRY ELEMENTS (KOHA) | |
| Source of classification or shelving scheme | Dewey Decimal Classification |
| Koha item type | Books |
| Lost status | Source of classification or shelving scheme | Damaged status | Not for loan | Collection code | Permanent Location | Current Location | Shelving location | Date acquired | Source of acquisition | Cost, normal purchase price | Total Checkouts | Full call number | Date last seen | Copy number | Koha item type |
|---|---|---|---|---|---|---|---|---|---|---|---|---|---|---|---|
| Dewey Decimal Classification | Not For Loan | Non-fiction | Central Library, University of Rajshahi | Central Library, University of Rajshahi | Reading Room | 17/12/1996 | Aunkur, Dhaka | 100.00 | B 891.44092 CHB 1988 | 27/05/2017 | C-1 | Books |